[Event "Torneio Nacional de Mestres e Honra"]
[Site "Centro de Estagio do Jamor"]
[Date "2019.08.14"]
[Round "2.8"]
[White "Dong, Fabio"]
[Black "Aguiar, Carlos"]
[Result "0-1"]
[BlackElo "1821"]
[WhiteElo "1433"]
[WhiteTeam "Cx Sintra"]
[BlackTeam "Gx Alekhine"]
[LiveChessVersion "1.4.8"]

1. c4 {[%clk 1:30:57]} Nf6 {[%clk 1:30:50]} 2. Nc3 {[%clk 1:31:16]} e6
{[%clk 1:31:11]} 3. e4 {[%clk 1:31:08]} Nc6 {[%clk 1:30:43]} 4. d4
{[%clk 1:30:46]} Bb4 {[%clk 1:30:42]} 5. Bg5 {[%clk 1:28:06]} h6 {[%clk 1:31:00]}
6. Bxf6 {[%clk 1:27:39]} Qxf6 {[%clk 1:31:14]} 7. e5 {[%clk 1:26:29]} Qe7
{[%clk 1:29:20]} 8. Nf3 {[%clk 1:26:07]} d5 {[%clk 1:28:44]} 9. a3
{[%clk 1:22:07]} Bxc3+ {[%clk 1:28:44]} 10. bxc3 {[%clk 1:21:54]} dxc4
{[%clk 1:28:30]} 11. Bxc4 {[%clk 1:21:00]} Bd7 {[%clk 1:28:47]} 12. O-O
{[%clk 1:20:18]} Na5 {[%clk 1:26:55]} 13. Bd3 {[%clk 1:16:16]} Bc6
{[%clk 1:26:16]} 14. a4 {[%clk 1:10:38]} Qd7 {[%clk 1:23:04]} 15. Nd2
{[%clk 1:05:38]} Rd8 {[%clk 1:21:25]} 16. Be4 {[%clk 1:05:07]} Bxe4
{[%clk 1:21:14]} 17. Nxe4 {[%clk 1:05:21]} b6 {[%clk 1:21:29]} 18. Qc2
{[%clk 0:55:00]} Qc6 {[%clk 1:18:46]} 19. Rac1 {[%clk 0:53:17]} Nc4
{[%clk 1:17:58]} 20. Ra1 {[%clk 0:46:35]} O-O {[%clk 1:17:58]} 21. Nd2
{[%clk 0:45:09]} a5 {[%clk 1:18:14]} 22. Nxc4 {[%clk 0:44:03]} Qxc4
{[%clk 1:18:36]} 23. Rfd1 {[%clk 0:42:23]} Rd5 {[%clk 1:18:31]} 24. h3
{[%clk 0:35:16]} Rfd8 {[%clk 1:18:35]} 25. f4 {[%clk 0:31:10]} Rxd4
{[%clk 1:17:29]} 26. Rxd4 {[%clk 0:31:10]} Rxd4 {[%clk 1:17:29]} 27. Rc1
{[%clk 0:31:10]} Rxf4 {[%clk 1:14:33]} 28. Rd1 {[%clk 0:23:52]} g6
{[%clk 1:14:31]} 29. Qd2 {[%clk 0:23:46]} Qc5+ {[%clk 1:14:51]} 30. Kh1
{[%clk 0:19:53]} Qxe5 {[%clk 1:14:59]} 31. Re1 {[%clk 0:19:23]} Qf5
{[%clk 1:15:11]} 32. Qd8+ {[%clk 0:19:24]} Kg7 {[%clk 1:11:30]} 33. Qxc7
{[%clk 0:19:33]} Rf1+ 34. Rxf1 {[%clk 0:19:57]} Qxf1+ {[%clk 1:11:50]} 35. Kh2
Qf2 {[%clk 1:12:01]} 36. Qe5+ {[%clk 0:19:56]} Qf6 {[%clk 1:12:21]} 37. Qc7
{[%clk 0:19:03]} e5 {[%clk 1:08:15]} 38. Qb7 {[%clk 0:18:59]} Qf4+
{[%clk 1:08:02]} 39. Kh1 {[%clk 0:18:58]} Qe3 {[%clk 1:06:48]} 40. Qc6
{[%clk 0:18:11]} Qc5 {[%clk 1:05:51]} 41. Qb7 {[%clk 0:18:22]} Qxc3
{[%clk 1:06:00]} 42. Qxb6 {[%clk 0:18:28]} e4 43. Qb5 e3 {[%clk 1:00:46]} 44. Qe2
{[%clk 0:18:39]} Qd2 {[%clk 0:58:46]} 0-1

[Event "Torneio Nacional de Mestres e Honra"]
[Site "Centro de Estagio do Jamor"]
[Date "2019.08.14"]
[Round "2.9"]
[White "Morais, Vitor"]
[Black "Santos, Ruben"]
[Result "1-0"]
[BlackElo "1722"]
[WhiteElo "1907"]
[WhiteTeam "Clube Edp - Lisboa"]
[BlackTeam "Estrelas S. Joao Brito"]
[LiveChessVersion "1.4.8"]

1. Nf3 {[%clk 1:30:30]} Nf6 {[%clk 1:23:02]} 2. c4 {[%clk 1:31:21]} e6
{[%clk 1:22:24]} 3. g3 {[%clk 1:31:44]} b6 {[%clk 1:22:15]} 4. Bg2
{[%clk 1:32:05]} Bb7 {[%clk 1:22:43]} 5. O-O {[%clk 1:32:26]} c5 {[%clk 1:21:25]}
6. d4 {[%clk 1:32:40]} cxd4 {[%clk 1:20:58]} 7. Qxd4 {[%clk 1:33:02]} Nc6
{[%clk 1:20:00]} 8. Qd1 {[%clk 1:32:15]} g6 {[%clk 1:17:31]} 9. b3
{[%clk 1:32:36]} Bg7 {[%clk 1:17:39]} 10. Bb2 {[%clk 1:32:39]} O-O
{[%clk 1:18:05]} 11. Nc3 {[%clk 1:32:51]} Qc7 {[%clk 1:17:29]} 12. Rc1
{[%clk 1:32:38]} Rfd8 {[%clk 1:15:47]} 13. Nb5 {[%clk 1:32:47]} Qb8
{[%clk 1:11:40]} 14. Ba3 {[%clk 1:31:10]} d5 {[%clk 1:10:01]} 15. Qc2
{[%clk 1:30:59]} a6 {[%clk 1:03:06]} 16. Nbd4 {[%clk 1:29:16]} Nxd4
{[%clk 0:59:05]} 17. Nxd4 {[%clk 1:28:28]} dxc4 {[%clk 0:58:53]} 18. Nc6
{[%clk 1:28:47]} cxb3 {[%clk 0:50:27]} 19. Qxb3 {[%clk 1:24:52]} Bxc6
{[%clk 0:47:48]} 20. Rxc6 {[%clk 1:25:01]} Qe5 {[%clk 0:34:45]} 21. Rxb6
{[%clk 1:24:37]} Nd5 {[%clk 0:28:45]} 22. Bxd5 {[%clk 1:20:36]} Rxd5
{[%clk 0:27:02]} 23. Rd1 {[%clk 1:17:15]} Qxe2 {[%clk 0:22:22]} 24. Rb8+
{[%clk 1:17:04]} Bf8 {[%clk 0:22:28]} 25. Rxd5 {[%clk 1:16:23]} Qe1+
{[%clk 0:22:57]} 26. Kg2 {[%clk 1:16:03]} Qe4+ {[%clk 0:23:25]} 27. f3
{[%clk 1:15:26]} Qe2+ {[%clk 0:19:20]} 28. Kh3 {[%clk 1:15:14]} Qf1+
{[%clk 0:15:41]} 29. Kh4 {[%clk 1:15:24]} Qg2 {[%clk 0:00:48]} 30. h3
{[%clk 1:14:50]} exd5 {[%clk 0:01:17]} 31. Bd6 {[%clk 1:10:01]} g5+
{[%clk 0:01:15]} 32. Kxg5 {[%clk 1:09:23]} Qxh3 {[%clk 0:00:38]} 33. Rxa8
{[%clk 1:09:33]} h6+ {[%clk 0:00:55]} 34. Kf4 {[%clk 1:09:43]} Qh5
{[%clk 0:00:33]} 35. Rxf8+ 1-0

[Event "Torneio Nacional de Mestres e Honra"]
[Site "Centro de Estagio do Jamor"]
[Date "2019.08.14"]
[Round "2.10"]
[White "Dong, Rafael"]
[Black "Lavrador, Rodolfo"]
[Result "0-1"]
[BlackElo "1840"]
[WhiteElo "1432"]
[WhiteTeam "Cx Sintra"]
[BlackTeam "Clube Edp - Lisboa"]
[LiveChessVersion "1.4.8"]

1. c4 {[%clk 1:30:59]} e5 {[%clk 1:30:44]} 2. Nc3 {[%clk 1:31:27]} Nf6
{[%clk 1:30:31]} 3. g3 {[%clk 1:31:55]} Nc6 {[%clk 1:29:34]} 4. Bg2
{[%clk 1:32:21]} d6 {[%clk 1:29:48]} 5. Nf3 {[%clk 1:32:39]} Be7 {[%clk 1:29:39]}
6. O-O {[%clk 1:33:01]} O-O {[%clk 1:29:34]} 7. d3 {[%clk 1:32:18]} h6
{[%clk 1:29:39]} 8. a3 {[%clk 1:32:39]} Bg4 {[%clk 1:29:34]} 9. b4
{[%clk 1:32:52]} Qd7 {[%clk 1:27:31]} 10. b5 {[%clk 1:32:26]} Nd8
{[%clk 1:27:31]} 11. e4 {[%clk 1:28:57]} Ne6 {[%clk 1:22:12]} 12. Qc2
{[%clk 1:28:52]} c6 {[%clk 1:15:46]} 13. bxc6 {[%clk 1:28:32]} bxc6
{[%clk 1:16:00]} 14. Be3 {[%clk 1:28:51]} Rac8 {[%clk 1:14:33]} 15. h3
{[%clk 1:28:20]} Bh5 {[%clk 1:08:08]} 16. Rab1 {[%clk 1:27:45]} d5
{[%clk 1:07:43]} 17. exd5 {[%clk 1:27:25]} cxd5 {[%clk 1:08:02]} 18. g4
{[%clk 1:26:39]} Bg6 {[%clk 1:01:34]} 19. Nxe5 {[%clk 1:27:01]} Qd6
{[%clk 1:01:40]} 20. Nxg6 {[%clk 1:27:26]} fxg6 {[%clk 1:01:51]} 21. cxd5
{[%clk 1:27:48]} Nc7 {[%clk 0:59:37]} 22. Qb3 {[%clk 1:26:38]} Kh7
{[%clk 0:58:35]} 23. Ne4 {[%clk 1:25:45]} Qxa3 {[%clk 0:56:33]} 24. Nxf6+
{[%clk 1:25:55]} gxf6 {[%clk 0:56:00]} 25. Qxa3 {[%clk 1:26:16]} Bxa3
{[%clk 0:56:23]} 26. Bxa7 {[%clk 1:26:34]} Rf7 {[%clk 0:53:57]} 27. Be3
{[%clk 1:26:37]} Rd8 {[%clk 0:53:29]} 28. Bb6 {[%clk 1:25:37]} Rdd7
{[%clk 0:53:10]} 29. Bxc7 {[%clk 1:24:09]} Rxc7 {[%clk 0:53:31]} 30. Rb3
{[%clk 1:22:59]} Bd6 {[%clk 0:53:23]} 31. Rb6 {[%clk 1:23:09]} Rfd7
{[%clk 0:52:14]} 32. Re1 {[%clk 1:21:50]} Kg7 {[%clk 0:51:43]} 33. Kf1
{[%clk 1:21:52]} Kf7 {[%clk 0:51:27]} 34. Re6 {[%clk 1:22:00]} Be5
{[%clk 0:49:10]} 35. f4 {[%clk 1:21:21]} Rc1+ {[%clk 0:47:13]} 36. Ke2
{[%clk 1:21:37]} Rc2+ {[%clk 0:44:44]} 37. Kd1 {[%clk 1:20:09]} Rxg2
{[%clk 0:44:38]} 38. fxe5 {[%clk 1:20:37]} fxe5 {[%clk 0:43:06]} 39. Rxe5
{[%clk 1:20:39]} Ra7 {[%clk 0:42:45]} 40. Rb1 {[%clk 1:20:34]} Raa2
{[%clk 0:42:57]} 41. Re3 {[%clk 1:16:15]} Rgd2+ {[%clk 0:38:56]} 42. Ke1
{[%clk 1:16:16]} Rh2 {[%clk 0:39:10]} 43. Kd1 {[%clk 1:15:32]} Rad2+
{[%clk 0:38:09]} 44. Ke1 {[%clk 1:14:34]} Ra2 {[%clk 0:36:38]} 45. Kd1
{[%clk 1:14:51]} Rh1+ {[%clk 0:35:51]} 46. Re1 {[%clk 1:14:57]} Rxh3
{[%clk 0:36:12]} 47. Re2 {[%clk 1:12:50]} Rxd3+ {[%clk 0:34:01]} 48. Ke1
{[%clk 1:13:09]} Rxe2+ {[%clk 0:32:57]} 49. Kxe2 {[%clk 1:12:33]} Rxd5
{[%clk 0:33:19]} 50. Rf1+ {[%clk 1:12:16]} Kg7 {[%clk 0:32:02]} 51. Kf2
{[%clk 1:12:25]} Kf6 {[%clk 0:31:57]} 52. Kg3+ {[%clk 1:11:32]} Kg5
{[%clk 0:32:14]} 53. Rf3 {[%clk 1:11:05]} Rd4 {[%clk 0:32:22]} 54. Ra3
{[%clk 1:09:24]} Rxg4+ {[%clk 0:32:27]} 55. Kh3 {[%clk 1:09:39]} Rf4
{[%clk 0:31:59]} 56. Ra5+ {[%clk 1:09:16]} Rf5 {[%clk 0:32:16]} 57. Ra3
{[%clk 1:09:22]} h5 {[%clk 0:31:58]} 58. Rb3 {[%clk 1:09:34]} Re5
{[%clk 0:31:23]} 59. Ra3 {[%clk 1:09:42]} Rd5 {[%clk 0:28:58]} 60. Rb3
{[%clk 1:09:07]} h4 {[%clk 0:28:58]} 0-1